|
|
|
|
| LEADER |
00000nam0a2200000 4500 |
| 001 |
253257 |
| 005 |
20231101232827.0 |
| 010 |
|
|
|a 5752500087
|
| 020 |
|
|
|a RU
|b 89-35743
|
| 035 |
|
|
|a (RuTPU)RU\TPU\book\275643
|
| 090 |
|
|
|a 253257
|
| 100 |
|
|
|a 20140312d1989 k a0rusy5003 ca
|
| 101 |
0 |
|
|a rus
|
| 102 |
|
|
|a RU
|
| 105 |
|
|
|a a z 001zy
|
| 200 |
1 |
|
|a Проблема человека в немарксистской философии США XX века
|f Г. М. Нажмудинов
|
| 210 |
|
|
|a Свердловск
|c Изд-во Уральского ун-та
|d 1989
|
| 215 |
|
|
|a 163 с.
|
| 225 |
1 |
|
|a Философские науки
|
| 320 |
|
|
|a Библиогр. в примеч.: с. 155-163.
|
| 606 |
1 |
|
|a Американская философия
|x США
|2 stltpush
|3 (RuTPU)RU\TPU\subj\28890
|9 52352
|
| 610 |
1 |
|
|a человек
|
| 610 |
1 |
|
|a американская философия
|
| 610 |
1 |
|
|a философские проблемы
|
| 610 |
1 |
|
|a США
|
| 610 |
1 |
|
|a 20 век
|
| 610 |
1 |
|
|a прагматизм
|
| 610 |
1 |
|
|a антропология
|
| 610 |
1 |
|
|a теология
|
| 610 |
1 |
|
|a экзистенциализм
|
| 610 |
1 |
|
|a феноменология
|
| 686 |
|
|
|a Ю3(7США)
|2 rubbk
|
| 700 |
|
1 |
|a Нажмудинов
|b Г. М.
|g Гаджи Магомедович
|
| 801 |
|
0 |
|a RU
|b RuMRKP
|c 19950417
|g psbo
|
| 801 |
|
1 |
|a RU
|b 63413507
|c 20140312
|
| 801 |
|
2 |
|a RU
|b 63413507
|c 20140512
|g RCR
|
| 942 |
|
|
|c BK
|